Bài tập kế toán quản trị (có lời mẫu)
Kết cấu cuốn sách gồm 2 phần: Phần bài tập: bao gồm 12 chương, trong mỗi chương gồm 2 dạng bài tập là bài tập trắc nghiệm và bài tập thực hành. Phần bài giải: gồm các bài giải mẫu chi tiết đặc trưng cho từng chương làm cơ sở để t...
Guardado en:
| Autor principal: | |
|---|---|
| Formato: | Libro |
| Lenguaje: | Undetermined |
| Publicado: |
Hà Nội
Lao động - Xã hội
2007
|
| Materias: | |
| Etiquetas: |
Agregar Etiqueta
Sin Etiquetas, Sea el primero en etiquetar este registro!
|
| Thư viện lưu trữ: | Trung tâm Học liệu Trường Đại học Cần Thơ |
|---|
| LEADER | 01211nam a2200205Ia 4500 | ||
|---|---|---|---|
| 001 | CTU_132242 | ||
| 008 | 210402s9999 xx 000 0 und d | ||
| 020 | |c 38000 | ||
| 082 | |a 658.1511 | ||
| 082 | |b D557 | ||
| 100 | |a Phạm, Văn Dược | ||
| 245 | 0 | |a Bài tập kế toán quản trị (có lời mẫu) | |
| 245 | 0 | |c Phạm Văn Dược, Đào Tất Thắng | |
| 260 | |a Hà Nội | ||
| 260 | |b Lao động - Xã hội | ||
| 260 | |c 2007 | ||
| 520 | |a Kết cấu cuốn sách gồm 2 phần: Phần bài tập: bao gồm 12 chương, trong mỗi chương gồm 2 dạng bài tập là bài tập trắc nghiệm và bài tập thực hành. Phần bài giải: gồm các bài giải mẫu chi tiết đặc trưng cho từng chương làm cơ sở để tham khảo về phương pháp trình bày và đối chiếu kết quả. | ||
| 650 | |a Financial management - problems, exercises, etc,Quản trị tài chính,management accounting - problems, exercises, etc,Quản trị kế toán | ||
| 904 | |i Quang Hiếu | ||
| 980 | |a Trung tâm Học liệu Trường Đại học Cần Thơ | ||